Rozpočetnictví a vnitropodnikové plánování sladění plánu a skutečnosti pro potřeby controllingu
Gespeichert in:
| 1. Verfasser: | |
|---|---|
| Format: | Buch |
| Sprache: | Tschechisch |
| Veröffentlicht: |
Praha
Profess Consulting
2004
|
| Schriftenreihe: | Poradce controllingu
|
| Schlagworte: | |
| Tags: |
Keine Tags, Fügen Sie das erste Tag hinzu!
|
MARC
| LEADER | 00000nam$a2200000$$$4500 | ||
|---|---|---|---|
| 001 | 0040990 | ||
| 005 | 20240306141630.4 | ||
| 020 | |a 80-7259-012-X | ||
| 041 | 0 | |a cze | |
| 044 | |a CZ | ||
| 245 | 1 | 0 | |a Rozpočetnictví a vnitropodnikové plánování |b sladění plánu a skutečnosti pro potřeby controllingu |c Jiří Vysušil |
| 264 | 1 | |a Praha |b Profess Consulting |c 2004 | |
| 300 | |a 115 s. | ||
| 490 | 1 | |a Poradce controllingu | |
| 830 | 0 | |a Poradce controllingu | |
| 610 | 2 | 0 | |a rozpočtovníctvo |
| 610 | 2 | 0 | |a plánovanie podnikové |
| 610 | 2 | 0 | |a plán podnikový |
| 610 | 2 | 0 | |a rozpočet podnikový |
| 610 | 2 | 0 | |a kontroling |
| 610 | 2 | 0 | |a kontrola |
| 610 | 2 | 0 | |a systémy riadenia |
| 610 | 2 | 0 | |a podnik |
| 610 | 2 | 0 | |a rozpočtovanie |
| 100 | 1 | |a Vysušil, Jiří | |